| 000 | 00000nam 2200000zi 4500 |
| 001 | 9.934195 |
| 003 | CaOODSP |
| 005 | 20250109103540 |
| 006 | m o d f |
| 007 | cr mn||||||||| |
| 008 | 240220t19701970oncab ob f000 0 eng d |
| 040 | |aCaOODSP|beng|erda|cCaOODSP |
| 043 | |an-cn--- |
| 086 | 1 |aId33-16/1970E-PDF |
| 245 | 04|aThe mobile home in Canada. |
| 264 | 1|aOttawa, Canada : |bBEAM Program, Materials Branch, Department of Industry, Trade and Commerce, |c1970. |
| 264 | 4|c©1970 |
| 300 | |a1 online resource (37 pages) : |billustrations, maps |
| 336 | |atext|btxt|2rdacontent |
| 337 | |acomputer|bc|2rdamedia |
| 500 | |a"Cat. No.: 667-1770"--Page [2]. |
| 500 | |aDigitized edition from print [produced by Innovation, Science and Economic Development Canada]. |
| 504 | |aIncludes bibliographical references (pages 33-35). |
| 650 | 0|aMobile homes|zCanada. |
| 650 | 0|aMobile home industry|zCanada. |
| 650 | 0|aMobile home parks|zCanada. |
| 650 | 6|aMaisons mobiles|zCanada. |
| 650 | 6|aMaisons mobiles|xIndustrie|zCanada. |
| 650 | 6|aParcs de maisons mobiles|zCanada. |
| 710 | 1 |aCanada. |bDepartment of Industry, Trade and Commerce. |bMaterials Branch, |eissuing body. |
| 856 | 40|qPDF|s2.71 MB|uhttps://publications.gc.ca/collections/collection_2025/isde-ised/Id33-16-1970-eng.pdf |